000 01572nam0a22003131 4500
001 rc\3799176
005 20210204165722.0
021 _aRU
_b[75-102528]
035 _a(NLR Aleph) 007255182
090 _a5247826
_c5247826
100 _a20120311d1975 |||y0rusy50 ca
101 0 _arus
102 _aRU
105 _aa z |||||
200 1 _aЗападноевропейское искусство второй половины XIX века
_eСборник статей
_f[Гос. музей изобразит. искусств им. А.С. Пушкина
_gПод общ. ред. Б.Р. Виппера, И.Е. Даниловой]
210 _aМосква
_cИскусство
_d1975
215 _a208 с., 44 л. ил.
_d27
320 _aСписки лит. в примеч. в конце статей
532 1 1 _aЗападноевропейское искусство второй половины девятнадцатого века
606 _aЗападноевропейское изобразительное искусство
_z19 в.
_jСборники
_2psbo
702 1 _aДанилова
_bИ. Е.
_cискусствовед
_f1922-2012
_gИрина Евгеньевна
_3RU\NLR\AUTH\7723460
_4340
702 1 _aВиппер
_bБ. Р.
_gБорис Робертович
_4340
712 0 2 _aМузей изобразительных искусств им. А. С. Пушкина
_cМосква
_3RU\NLR\AUTH\883002
801 0 _aRU
_bNLR
_gpsbo
801 1 _aRU
_bELAR
_2rusmarc
852 _aNLR
_j76-7/286
942 _cBOOK
980 _aNB